| 000 | 00735pam a2200217 a 4500 | ||
|---|---|---|---|
| 005 | 20260409165857.0 | ||
| 008 | 880308s1988 maua b 001 0 eng | ||
| 020 | _a9780049101210 (pbk) | ||
| 082 | _a330 NOR | ||
| 245 | 0 | 4 |
_aThe Third World : _bstates of mind and being / _cedited by Jim Norwine and Alfonso Gonzalez |
| 260 |
_aBoston : _bUnwin Hyman, _c1988. |
||
| 300 |
_axi, 275 p. : _c24 cm. |
||
| 365 | _bRs. 936.00 | ||
| 650 | 0 | _aEconomic Conditions - Develooping Countries | |
| 650 | 0 | _aSocial Conditions - Developing Countries | |
| 650 | 0 | _aNatural Resources - Developing Countries | |
| 650 | 0 | _aPolitics - Government - Developing Countries | |
| 700 | 1 | _aNorwine, Jim | |
| 700 | 1 | _aGonzalez, Alfonso | |
| 942 |
_2ddc _cBK |
||
| 999 |
_c15548 _d15548 |
||